| 000 | 01670nam a22003377a 4500 | ||
|---|---|---|---|
| 001 | 480 | ||
| 003 | OSt | ||
| 005 | 20250902153116.0 | ||
| 008 | 250902b |||||||| |||| 00| 0 eng d | ||
| 020 | _a8532205267 | ||
| 040 | _bpor | ||
| 041 | _hpor | ||
| 082 | 0 | 4 |
_a028.5 _bA329c |
| 100 | 1 |
_aAzevedo, Ricardo, _d1949- _91030 |
|
| 245 | 1 | 0 |
_aCoração maltrapilho / _cRicardo Azevedo ; ilustrações Rogerio Borges. - |
| 260 |
_aSão Paulo : _bFTD, _c1992. |
||
| 300 |
_a94p. : _bil. ; |
||
| 490 | _aCanto jovem | ||
| 520 | _aVocê sabia que em São Paulo existem crianças abandonadas que moram no "ventinho do metrô", na praça da Sé? Lina e seus amigos-jovens como você-sabiam da existência dessas crianças. Lina, porém, não imaginava que iria conhecê-las tão de perto. Também não imaginava que um dia teria de fugir de seu Otto, um de seus vizinhos, que , no seu ódio contra o subdesenvolvimento brasileiro, pregava o extermínio dos pobres, a começar pelas crianças. Lina e seus amigos, sempre tão envolvidos com as fantásticas histórias de Marinheiro-o mendigo que lutara contra a estátua de Borba Gato-, nem sequer sonhava com a existência de um estranho morador ba torre da igreja. Essas e outras histórias acontecem em pleno centro de São Paulo, na praça Roosevelt. | ||
| 650 | 0 |
_aLiteratura Brasileira _9205 |
|
| 650 |
_aInfantojuvenil _9200 |
||
| 650 | 0 |
_aAmizade e Solidariedade _9816 |
|
| 650 | 0 |
_aDesigualdade social _9604 |
|
| 655 | 0 |
_aRomance _923 |
|
| 655 | 0 |
_aFicção _922 |
|
| 700 | 1 |
_aBorges, Rogério, _d1951- _91029 |
|
| 830 |
_aCanto jovem _91033 |
||
| 942 |
_2ddc _n0 _cBK |
||
| 990 | _aLivro | ||
| 999 |
_c480 _d480 |
||